01800cam a2200325 a 4500999001500000001000600015003000900021005001700030008004100047040002800088082001900116100002700135245005800162250001800220260004100238300002500279500002000304650001700324650003800341942001200379952011700391952011700508952011700625952011700742952011700859952013200976952011701108952011701225952013201342 c1160d116010624BD-DhUAP20200203131524.0200203s2006 ii b 001 0 eng  aDLCcDLCdBD-DhUAPbEng 223a340.59 JHA aJhabvala, Noshirvan H.14aPrinciples of Muhammadan law /cNoshirvan H. Jhabvala a24th rev. ed. aMumbai :bC. Jamnadas & Co.,cc2006. a172 pages ;c25 cm. aIncludes index. 0aIslamic law. 0aDomestic relations (Islamic law). 2ddccBK 00102ddc4070aUAPCLbUAPCLcGeneral Stacksd2020-02-03o340.59 JHAp3010010624r2020-02-03t1w2020-02-03yBK 00102ddc4070aUAPCLbUAPCLcGeneral Stacksd2020-02-03o340.59 JHAp3010010623r2020-02-03t2w2020-02-03yBK 00102ddc4070aUAPCLbUAPCLcGeneral Stacksd2020-02-03o340.59 JHAp3010014253r2020-02-03t3w2020-02-03yBK 00102ddc4070aUAPCLbUAPCLcGeneral Stacksd2020-02-03o340.59 JHAp3010014254r2020-02-03t4w2020-02-03yBK 00102ddc4070aUAPCLbUAPCLcGeneral Stacksd2020-02-03o340.59 JHAp3010014255r2020-02-03t5w2020-02-03yBK 00102ddc4070aUAPCLbUAPCLcGeneral Stacksd2020-02-03l1o340.59 JHAp3010014257r2022-04-04s2022-02-22t6w2020-02-03yBK 00102ddc4070aUAPCLbUAPCLcGeneral Stacksd2020-02-03o340.59 JHAp3010010625r2020-02-03t7w2020-02-03yBK 00102ddc4070aUAPCLbUAPCLcGeneral Stacksd2020-02-03o340.59 JHAp3010010622r2020-02-03t8w2020-02-03yBK 00102ddc4070aUAPCLbUAPCLcGeneral Stacksd2020-02-03l1o340.59 JHAp3010014256r2024-10-22s2024-10-17t9w2020-02-03yBK